Online
Catalog
Normal view MARC view

Entry Nombre personal

Number of records used in: 1

001 - NÚMERO DE CONTROL

  • campo de control: 79227

003 - IDENTIFICADOR DEL NÚMERO DE CONTROL

  • campo de control: DO-SdBNP

005 - FECHA Y HORA DE LA ÚLTIMA TRANSACCIÓN

  • campo de control: 20210714154610.0

008 - DATOS DE LONGITUD FIJA

  • campo de control de longitud fija: 210714|| aca||aabn | a|a d

040 ## - FUENTE DE LA CATALOGACIÓN

  • Centro catalogador/agencia de origen: DO-SdBNP
  • Centro/agencia transcriptor: DO-SdBNP

100 ## - ENCABEZAMIENTO-NOMBRE DE PERSONA

  • Nombre de persona: Santiago Ibarra, Beatriz M.

670 ## - FUENTE DE DATOS ENCONTRADOS

  • Cita de la fuente: Work cat.: (DO-SdBNP): 1 er. Coloquio sobe la muerte, el morir y los muertos en Puerto Rico. San Juan, Puerto Rico) 28 y 29 de octubre de 2016 (1er. 79226, Ante el espejo de la muerte /, 2017

Powered by Koha